000 00853nam a2200265Ia 4500
003 OSt
005 20220923213600.0
006 a|||||r|||| 00| 0
007 ta
008 220922b |||||||| |||| 00| 0 hin d
024 _a163,119
037 _cTextual
040 _aARTS
_cARTS
_bhin
041 _2hin
_ahin
082 _aO152,1N08:g, K7
100 _aसिन्हा, सावित्री, संपा.
245 0 _aदिनकर
246 _aDinakara
250 _aसंस्क 2
260 _aदिल्ली
_b राधाकृष्ण प्रकाशन
_c1970
300 _a237 पृ.
_ccm.
650 _aहिन्दी साहित्य
_9156264
942 _hO152,1N08:g, K7
_cTEXL
_2CC
999 _c317599
_d317599